Física general

Bibliographic Details
Main Author: Sears, Francis W.
Format: Section = Libro
Language:Undetermined
Spanish
Published: Madrid, España Aguilar 1970
Edition:6a.ed.
Subjects:
LEADER 00625nam a2200229Ia 4500
008 240829s9999 xx 000 0 und d
020 |a 84-03-20139-7 
040 |a BIBLIOTECA-RUPAP 530 S439 
041 |a spa 
082 |a 530 S439 
100 1 |a Sears, Francis W. 
245 1 0 |a Física general 
250 |a 6a.ed. 
260 |a Madrid, España  |b Aguilar  |c 1970 
300 |a 1056 p. :il. 
650 7 |a FISICA 
650 7 |b  MECANICA- ONDAS ACUSTICAS 
650 7 |c  ELECTROMAGNETISMO 
650 7 |d  OPTICA, I. Zemansky, Mark W, coaut. II. Freedman, Roger A., coaut. I. Tít. 
942 |c BK  |2 ddc 
991 |a TEXTO 
999 |c 8361